Analýza vplyvu priamych zahraničných investícií na hospodársky rast diplomová práca

Gespeichert in:
Bibliographische Detailangaben
1. Verfasser: Makohusová, Ivana
Körperschaft: Fakulta hospodárskej informatiky EU. Katedra operačného výskumu a ekonometrie
Weitere Verfasser: Lukáčik, Martin, 1974-
Format: Buch
Sprache:Slowakisch
Veröffentlicht: Bratislava 2011
Tags: Tag hinzufügen
Keine Tags, Fügen Sie das erste Tag hinzu!

MARC

LEADER 00000nbm a2200000 4500
001 0140703
005 20161109101944.2
041 0 |a slo 
044 |a SK 
245 1 0 |a Analýza vplyvu priamych zahraničných investícií na hospodársky rast  |b diplomová práca  |c Ivana Makohusová ; školiteľ: Martin Lukáčik 
264 1 |a Bratislava  |c 2011 
300 |a 80 s. 
100 1 |a Makohusová, Ivana 
700 1 |a Lukáčik, Martin, 1974- 
710 2 |a Fakulta hospodárskej informatiky EU. Katedra operačného výskumu a ekonometrie